000
00310nam a22001337a 4500
008
180919b xxu||||| |||| 00| 0 eng d
020
_a
0250405741
041
_a
eng
080
_a
541
100
_a
12
101
_a
KIM
245
_a
Modeling oF Total Precipitation Impacts
_c
Jerald.L.S
942
_2
udc
_c
BK
999
_c
48050
_d
48050